[Event "Druzynowe Mistrzostwa Polski - I Liga 2018"]
[Site "Pokrzywna"]
[Date "1899-12-30"]
[Round "6.25"]
[White "Koziol, Kamil"]
[Black "Jakubowski, Krzysztof"]
[Result "0-1"]
[WhiteTitle "FM"]
[BlackTitle "GM"]
[WhiteElo "2310"]
[BlackElo "2508"]

1. e4 c5 2. Nf3 e6 3. d4 cxd4 4. Nxd4 Nf6 5. Nc3 d6 6. Be3 a6 7. f3 b5 8. Qd2 Bb7
9. g4 Nfd7 10. g5 Nb6 11. a4 bxa4 12. Nxa4 Nxa4 13. Rxa4 Be7 14. h4 d5 15. e5
Nd7 16. f4 Nc5 17. Ra2 Ne4 18. Qg2 Qb6 19. Bd3 Bc5 20. c3 a5 21. h5 Ba6 22. Bxe4
dxe4 23. g6 fxg6 24. hxg6 h6 25. Rh5 Rd8 26. f5 Bxd4 27. Bxd4 Rxd4 28. cxd4 Qb4+
29. Qd2 Qc4 30. Rh1 Qxa2 31. Qc1 O-O 32. f6 Rc8 33. f7+ Kf8 34. Qe3 Qb1+ 35. Kf2
Qxb2+ 0-1

[Event "Druzynowe Mistrzostwa Polski - I Liga 2018"]
[Site "Pokrzywna"]
[Date "1899-12-30"]
[Round "6.26"]
[White "Krzyzanowski, Marcin"]
[Black "Tomaszewski, Kacper"]
[Result "1-0"]
[WhiteTitle "IM"]
[BlackTitle "k++"]
[WhiteElo "2477"]
[BlackElo "2281"]

1. b3 e5 2. Bb2 Nc6 3. e3 Nge7 4. c4 d5 5. cxd5 Nxd5 6. a3 Be7 7. Qc2 O-O 8. Nf3
f6 9. Nc3 Nb6 10. Rd1 Be6 11. d4 exd4 12. Nb5 Qc8 13. Nbxd4 Nxd4 14. Nxd4 Bg4
15. f3 Bd7 16. Bd3 f5 17. O-O Kh8 18. e4 fxe4 19. Bxe4 c5 20. Ne2 Bf5 21. Ng3
Bxe4 22. fxe4 Qg4 23. Nf5 Bf6 24. e5 Bg5 25. e6 Bf6 26. e7 Rfe8 27. Bxf6 gxf6
28. Qc3 Qg5 29. Rd3 Rg8 30. Rg3 Nd5 31. Qe1 Qh5 32. Qe6 Rxg3 33. hxg3 1-0

[Event "Druzynowe Mistrzostwa Polski - I Liga 2018"]
[Site "Pokrzywna"]
[Date "1899-12-30"]
[Round "6.27"]
[White "Walach, Marcin"]
[Black "Cvek, Robert"]
[Result "0-1"]
[WhiteTitle "FM"]
[BlackTitle "GM"]
[WhiteElo "2324"]
[BlackElo "2509"]

1. e4 c6 2. d4 d5 3. exd5 cxd5 4. c4 Nf6 5. Nc3 g6 6. cxd5 Bg7 7. Bb5+ Nbd7 8.
d6 exd6 9. Qe2+ Qe7 10. Bf4 Qxe2+ 11. Bxe2 Ke7 12. Bf3 Nb6 13. Nge2 h6 14. h4
Be6 15. Nb5 Rhd8 16. Bxb7 Rab8 17. Bf3 Nbd5 18. Nxa7 Kd7 19. a4 Rxb2 20. Bg3 Ra8
21. O-O-O Ra2 22. Nb5 Rc8+ 23. Kb1 Rxa4 0-1

[Event "Druzynowe Mistrzostwa Polski - I Liga 2018"]
[Site "Pokrzywna"]
[Date "1899-12-30"]
[Round "6.28"]
[White "Polok, Kacper"]
[Black "Wolynski, Krzysztof"]
[Result "1-0"]
[WhiteTitle "FM"]
[BlackTitle "I++"]
[WhiteElo "2295"]
[BlackElo "2103"]

1. e4 c6 2. d4 d5 3. Nc3 dxe4 4. Nxe4 Bf5 5. Ng3 Bg6 6. Nf3 Nd7 7. Bd3 Bxd3 8.
Qxd3 e6 9. O-O Ngf6 10. Bg5 Be7 11. Bxf6 Bxf6 12. Ne4 O-O 13. Rad1 Qc7 14. Rd2
Be7 15. Rfd1 Nf6 16. Nxf6+ Bxf6 17. c4 h6 18. Qe4 Qa5 19. a3 Rfd8 20. Rd3 Qa4
21. Rc1 Rd7 22. g4 Rad8 23. b4 a5 24. h4 g6 25. g5 hxg5 26. hxg5 Bg7 27. Ne5 Re7
28. Ng4 axb4 29. Nf6+ Kf8 30. axb4 Qxb4 31. Qh4 Rc7 32. Qh7 Bxf6 33. gxf6 Ke8
34. c5 Kd7 35. Qxf7+ Kc8 36. Qxe6+ Kb8 37. f7 b6 38. Rb3 Qxd4 39. Rxb6+ Ka7 40.
Qa2+ Qa4 41. Qxa4# 1-0

[Event "Druzynowe Mistrzostwa Polski - I Liga 2018"]
[Site "Pokrzywna"]
[Date "1899-12-30"]
[Round "6.29"]
[White "Cieslak, Wiktoria"]
[Black "Zemlickova, Olena"]
[Result "1/2-1/2"]
[WhiteTitle "k++"]
[BlackTitle "WIM"]
[WhiteElo "2065"]
[BlackElo "2096"]

1. d4 d5 2. c4 e6 3. Nc3 Be7 4. cxd5 exd5 5. Bf4 c6 6. e3 Bd6 7. Bxd6 Qxd6 8. Bd3
Ne7 9. Qc2 Qf6 10. O-O-O Bf5 11. f3 Bxd3 12. Qxd3 Nd7 13. e4 O-O-O 14. Kb1 g5
15. Nge2 Qg6 16. Rhe1 Rhe8 17. Nc1 Nf8 18. Qc2 Ne6 19. Qa4 Kb8 20. Ka1 Qf6 21.
Nb3 Qf4 22. h3 Qc7 23. Nc5 dxe4 24. N3xe4 Nd5 25. Qb3 Ka8 26. Qc2 h6 27. a3 Qa5
28. Nb3 Qc7 29. Nec5 Nxc5 30. dxc5 Qf4 1/2-1/2

[Event "Druzynowe Mistrzostwa Polski - I Liga 2018"]
[Site "Pokrzywna"]
[Date "1899-12-30"]
[Round "7.1"]
[White "Szwed, Jacek"]
[Black "Jakubiec, Artur"]
[Result "1/2-1/2"]
[WhiteTitle "FM"]
[BlackTitle "GM"]
[WhiteElo "2397"]
[BlackElo "2514"]

1. e4 c5 2. Nf3 d6 3. d4 cxd4 4. Qxd4 Nc6 5. Bb5 Bd7 6. Bxc6 Bxc6 7. Nc3 e5 8.
Qd3 h6 9. O-O Nf6 10. Rd1 Be7 11. Nh4 g6 12. Nf3 a6 13. a4 Kf8 14. b3 Kg7 15.
Ba3 Re8 16. Bxd6 Bxd6 17. Qxd6 Qxd6 18. Rxd6 Rac8 19. Re1 b5 20. axb5 axb5 21.
Nd2 Bd7 22. Rd3 b4 23. Na2 Bb5 24. Rd6 Rxc2 25. Nxb4 Rb2 26. Rc1 Rb8 27. f3 Ne8
28. Rd5 Nf6 29. Rd6 Ne8 30. Rd5 Nf6 31. Rd6 Ne8 1/2-1/2

[Event "Druzynowe Mistrzostwa Polski - I Liga 2018"]
[Site "Pokrzywna"]
[Date "1899-12-30"]
[Round "7.2"]
[White "Marczuk, Dominik"]
[Black "Zylka, Stanislaw"]
[Result "1/2-1/2"]
[WhiteTitle "k"]
[BlackTitle "FM"]
[WhiteElo "2293"]
[BlackElo "2327"]

1. c4 e5 2. Nc3 Nf6 3. Nf3 Nc6 4. g3 Bb4 5. Bg2 O-O 6. O-O Re8 7. Nd5 Nxd5 8. cxd5
Nd4 9. Nxd4 exd4 10. d3 Bc5 11. Qc2 d6 12. Bf3 Bh3 13. Rd1 Qd7 14. b4 Bxb4 15.
Rb1 Bc5 16. Rxb7 Bb6 17. Qc4 Qc8 18. Qa6 Rf8 19. Bd2 Rb8 20. Rxa7 Bxa7 21. Qxa7
Ra8 22. Qxd4 Rxa2 23. Bc3 f6 24. Qh4 Bf5 25. Qc4 Ra7 26. Bd4 Rb7 27. Be3 Qd7 28.
g4 Bg6 29. Rc1 Rfb8 30. Kg2 Bf7 31. h3 Qe8 32. Qc3 Ra8 33. g5 fxg5 34. Bxg5 Ra2
35. Qc6 Qxc6 36. dxc6 Rb8 37. Bf4 Kf8 38. Bg4 Raa8 39. Kg3 h6 40. h4 Ke7 41. Bf3
Rb5 42. d4 Ra3 43. e4 Rbb3 44. Be3 Rc3 1/2-1/2

[Event "Druzynowe Mistrzostwa Polski - I Liga 2018"]
[Site "Pokrzywna"]
[Date "1899-12-30"]
[Round "7.3"]
[White "Koziol, Kamil"]
[Black "Chmiel, Marcin"]
[Result "1-0"]
[WhiteTitle "FM"]
[BlackTitle "k"]
[WhiteElo "2310"]
[BlackElo "2237"]

1. e4 c5 2. Nf3 e6 3. d4 cxd4 4. Nxd4 a6 5. Bd3 Nf6 6. O-O Qc7 7. c4 d6 8. Nc3
g6 9. Kh1 Bg7 10. f4 Nbd7 11. Be3 b6 12. Qe2 Bb7 13. Bg1 h5 14. Rae1 h4 15. Nd5
Qd8 16. e5 Nh5 17. Qg4 exd5 18. Bxg6 fxg6 19. Qxg6+ Kf8 20. Ne6+ Kg8 21. Nxd8
Ng3+ 22. hxg3 hxg3+ 23. Bh2 Rxh2+ 24. Kg1 Rxd8 25. Rf3 Nf8 26. Qg5 Ne6 27. Qe7
Bc8 28. Rxg3 Rh7 29. cxd5 Rf8 30. dxe6 Rxf4 31. Qd8+ Rf8 32. e7 1-0

[Event "Druzynowe Mistrzostwa Polski - I Liga 2018"]
[Site "Pokrzywna"]
[Date "1899-12-30"]
[Round "7.4"]
[White "Gbyl, Andrzej"]
[Black "Tomaszewski, Kacper"]
[Result "1/2-1/2"]
[WhiteTitle "k+"]
[BlackTitle "k++"]
[WhiteElo "2248"]
[BlackElo "2281"]

1. d4 d6 2. Nf3 g6 3. c4 f5 4. Nc3 Nf6 5. g3 Bg7 6. Bg2 O-O 7. O-O Nc6 8. d5 Na5
9. Qd3 e5 10. dxe6 Bxe6 11. b3 Nc6 12. Bb2 Ne4 13. Qc2 Nb4 14. Qc1 Nc5 15. Nb5
Bxb2 16. Qxb2 Nc6 17. Rad1 a6 18. Nc3 Qf6 19. Qd2 Rae8 20. Nd4 Nxd4 21. Qxd4 Qxd4
22. Rxd4 Bc8 23. e3 Kg7 24. b4 Ne6 25. Rd2 Ng5 26. a3 Nf7 27. Rc1 Ne5 28. Nd5
Rf7 29. h3 Be6 30. Rdc2 Nd3 31. Rd1 Ne5 32. Rc3 Rb8 33. Rdc1 Rd7 34. Nf4 Bf7 35.
Nd3 Re7 36. Nf4 Rd7 37. R1c2 Re7 38. Nd3 Bg8 39. Nxe5 dxe5 40. Rd2 Bf7 41. c5
c6 42. Rcd3 Rc8 43. Rd7 Rc7 44. Rxc7 Rxc7 45. Rd6 h5 46. g4 hxg4 47. hxg4 fxg4
48. Kh2 Kh6 49. Kg3 Kg5 50. Bf1 Re7 1/2-1/2

[Event "Druzynowe Mistrzostwa Polski - I Liga 2018"]
[Site "Pokrzywna"]
[Date "1899-12-30"]
[Round "7.5"]
[White "Walach, Marcin"]
[Black "Bukojemski, Adam"]
[Result "0-1"]
[WhiteTitle "FM"]
[BlackTitle "k"]
[WhiteElo "2324"]
[BlackElo "2222"]

1. e4 c5 2. c3 Nf6 3. e5 Nd5 4. d4 cxd4 5. cxd4 d6 6. Nf3 Nc6 7. Bc4 Nb6 8. Bb5
dxe5 9. Nxe5 Bd7 10. Nxd7 Qxd7 11. Nc3 e6 12. O-O Be7 13. Qg4 O-O 14. Bxc6 bxc6
15. Bh6 Bf6 16. Rfd1 Rfd8 17. Ne4 Qe7 18. Bf4 Rd5 19. Nxf6+ Qxf6 20. Be5 Qg6 21.
Qxg6 hxg6 22. Rac1 Rc8 23. f3 g5 24. Kf1 f6 25. Bg3 Kf7 26. Ke2 Ra5 27. a3 Rb5
28. Rd2 Ke7 29. Rc5 Kd7 30. Rdc2 Na4 31. R5c4 Nxb2 32. Rb4 Rxb4 33. axb4 Na4 34.
Kd3 Nb6 35. Ra2 Ra8 36. Ra5 a6 37. h4 gxh4 38. Bxh4 Nd5 39. Kc4 Ne3+ 40. Kd3 Nxg2
41. Bg3 g5 42. Ke4 Nh4 43. f4 Nf5 0-1

[Event "Druzynowe Mistrzostwa Polski - I Liga 2018"]
[Site "Pokrzywna"]
[Date "1899-12-30"]
[Round "7.6"]
[White "Jakubiec, Edyta"]
[Black "Cieslak, Wiktoria"]
[Result "1/2-1/2"]
[WhiteTitle "WIM"]
[BlackTitle "k++"]
[WhiteElo "2153"]
[BlackElo "2065"]

1. e4 c5 2. Nf3 d6 3. d4 cxd4 4. Nxd4 Nf6 5. Nc3 a6 6. Be2 e5 7. Nf3 h6 8. Nd2
Be6 9. Nc4 b5 10. Ne3 Nc6 11. a4 b4 12. Ncd5 Be7 13. Nxf6+ Bxf6 14. Nd5 Bxd5 15.
exd5 Ne7 16. a5 O-O 17. O-O Qc7 18. Ra4 Nf5 19. Rxb4 Qxa5 20. c3 Qc7 21. Bd3 Ne7
22. Qf3 Bg5 23. Bxg5 hxg5 24. Qh5 f5 25. Qxg5 e4 26. Bc4 Rf6 27. Qe3 a5 28. Qb6
Qc8 29. Ra4 Rb8 30. Qd4 Rxb2 31. Rxa5 Ng6 32. Rfa1 Ne5 33. Ra8 Rb8 34. Rxb8 Qxb8
35. Bf1 Rg6 36. Kh1 Qd8 37. Qe3 Ng4 38. Qf4 Qb6 39. Ra2 Kh7 40. Kg1 e3 41. fxe3
Nxe3 42. Qf2 Qb1 43. Qxe3 Qxa2 44. Qh3+ Kg8 45. Qxf5 Qa7+ 46. Qf2 Qc7 47. c4 Rf6
48. Qe3 Rxf1+ 49. Kxf1 Qxc4+ 50. Qe2 Qxd5 51. h3 Qf5+ 52. Kg1 d5 53. Qe8+ Kh7
54. Qe3 Qb1+ 55. Kh2 Qf1 56. Qe5 Qf7 57. h4 Qd7 58. h5 d4 59. Qe4+ Kg8 60. Qa8+
Kf7 61. Qf3+ Ke7 62. Qe4+ Kd8 1/2-1/2

[Event "Druzynowe Mistrzostwa Polski - I Liga 2018"]
[Site "Pokrzywna"]
[Date "1899-12-30"]
[Round "7.7"]
[White "Chojnacki, Krzysztof"]
[Black "Markowski, Tomasz"]
[Result "0-1"]
[WhiteTitle "IM"]
[BlackTitle "GM"]
[WhiteElo "2362"]
[BlackElo "2546"]

1. d4 e6 2. c4 Nf6 3. Nc3 Bb4 4. f3 c5 5. d5 O-O 6. e4 Re8 7. Nh3 exd5 8. cxd5
d6 9. Nf2 Nbd7 10. Be2 Ne5 11. O-O Bd7 12. f4 Ng6 13. Qd3 b5 14. f5 Nf8 15. Qg3
Bxc3 16. bxc3 Bxf5 17. exf5 Rxe2 18. Bh6 g6 19. fxg6 hxg6 20. Bg5 Nh5 21. Qf3
Qe8 22. Ng4 f5 23. Ne3 Rb2 24. Rae1 Qe4 25. Qh3 Re8 26. Nc2 Rxc2 27. Rxe4 Rxe4
28. Qf3 Nd7 29. Qd3 Ree2 30. Qh3 Ne5 31. Bf4 Ng4 32. Bxd6 Rxg2+ 33. Qxg2 Rxg2+
34. Kxg2 Ne3+ 35. Kg1 Nxf1 36. Kxf1 c4 37. Bc5 a6 38. d6 Nf6 39. Ke2 Kf7 40. Ke3
Ke6 41. Kf4 Ne4 42. Bb4 g5+ 43. Ke5+ Kxe5 0-1

[Event "Druzynowe Mistrzostwa Polski - I Liga 2018"]
[Site "Pokrzywna"]
[Date "1899-12-30"]
[Round "7.8"]
[White "Jakubowski, Krzysztof"]
[Black "Musialkiewicz, Pawel"]
[Result "1-0"]
[WhiteTitle "GM"]
[BlackTitle "FM"]
[WhiteElo "2508"]
[BlackElo "2247"]

1. c4 e6 2. d4 d5 3. Nc3 c6 4. e3 Bd6 5. f4 f5 6. Nf3 Nf6 7. Bd2 Ne4 8. Be2 O-O
9. O-O b6 10. cxd5 exd5 11. Nxe4 fxe4 12. Ne5 Qe7 13. a4 c5 14. Bc3 Kh8 15. a5
Ba6 16. Bxa6 Nxa6 17. axb6 axb6 18. dxc5 Bxc5 19. Qxd5 Bxe3+ 20. Kh1 Nc7 21. Qxe4
Rxa1 22. Rxa1 Bc5 23. b4 Bd6 24. Rd1 Ne6 25. Nc6 1-0

[Event "Druzynowe Mistrzostwa Polski - I Liga 2018"]
[Site "Pokrzywna"]
[Date "1899-12-30"]
[Round "7.9"]
[White "Musialkiewicz, Jan"]
[Black "Krzyzanowski, Marcin"]
[Result "1/2-1/2"]
[WhiteTitle "k+"]
[BlackTitle "IM"]
[WhiteElo "2244"]
[BlackElo "2477"]

1. e4 d6 2. d4 Nf6 3. Nc3 g6 4. Nf3 Bg7 5. Be2 O-O 6. h3 a6 7. a4 b6 8. Bg5 Bb7
9. Nd2 d5 10. e5 Ne4 11. Ndxe4 dxe4 12. O-O f6 13. Be3 Kh8 14. Bc4 f5 15. Ne2
Bc8 16. Qd2 Nc6 17. Rad1 Qe8 18. Bh6 e6 19. Bxg7+ Kxg7 20. Qc3 Na5 21. Bb3 Qc6
22. Qxc6 Nxc6 23. f3 exf3 24. Rxf3 Nd8 25. Rc3 c6 26. a5 bxa5 27. Ra1 f4 28. Rxa5
Rb8 29. Ra1 g5 30. Nc1 h5 31. Nd3 f3 32. Nc5 fxg2 33. Kxg2 Rf4 34. Rg3 Rxd4 35.
Rxg5+ Kh6 36. Rg8 Rb5 37. Nd3 Kh7 38. Re8 c5 39. Ra4 Bb7+ 40. Kh2 Rd7 41. Rf4
Rxb3 1/2-1/2

[Event "Druzynowe Mistrzostwa Polski - I Liga 2018"]
[Site "Pokrzywna"]
[Date "1899-12-30"]
[Round "7.10"]
[White "Cvek, Robert"]
[Black "Bardeli, Lukasz"]
[Result "1-0"]
[WhiteTitle "GM"]
[BlackTitle "FM"]
[WhiteElo "2509"]
[BlackElo "2133"]

1. c4 c6 2. Nf3 d5 3. e3 Nf6 4. d4 Bg4 5. h3 Bxf3 6. Qxf3 e6 7. Nc3 Nbd7 8. Bd3
Bd6 9. cxd5 exd5 10. g4 O-O 11. g5 Ne8 12. h4 b5 13. Bd2 b4 14. Ne2 Nc7 15. Ng3
Bxg3 16. Qxg3 c5 17. Rc1 Ne6 18. Qg4 g6 19. h5 Qxg5 20. Qh3 Qe7 21. Kd1 Nf6 22.
dxc5 Nxh5 23. Bxb4 Rfc8 24. Rg1 Nhg7 25. Qh6 f5 26. Rh1 Nf8 27. Ba3 Nge6 28. c6
Qf6 29. c7 Kf7 30. Rc6 Rxc7 31. Rxc7+ Nxc7 32. Bxf8 Rxf8 33. Qxh7+ Qg7 34. Kd2
Ne6 35. Qxg7+ Kxg7 36. Rc1 Rb8 37. b3 Kf6 38. Rc6 Rb6 39. Rxb6 axb6 40. b4 Ke5
41. a4 d4 42. Bc4 dxe3+ 43. Kxe3 f4+ 44. Kd3 Nd4 45. a5 bxa5 46. bxa5 g5 47. a6
Nc6 48. f3 Nb4+ 49. Kc3 Nc6 50. Bb3 Kd6 51. Ba4 Na7 52. Kd4 Nc8 53. Ke4 Ke6 54.
Bb3+ Kf6 55. Kd5 Na7 56. Ba4 Ke7 57. Ke5 g4 58. fxg4 f3 59. Bd1 Nc6+ 60. Kf4 f2
61. Be2 Nb8 62. Ke4 Ke8 1-0

[Event "Druzynowe Mistrzostwa Polski - I Liga 2018"]
[Site "Pokrzywna"]
[Date "1899-12-30"]
[Round "7.11"]
[White "Raczynski, Krzysztof"]
[Black "Jaworski, Miroslaw"]
[Result "1/2-1/2"]
[WhiteTitle "k+"]
[BlackTitle "IM"]
[WhiteElo "2091"]
[BlackElo "2207"]

1. e4 c6 2. d4 d5 3. Nc3 dxe4 4. Nxe4 Bf5 5. Ng3 Bg6 6. Nf3 Nd7 7. h4 h6 8. h5
Bh7 9. Bd3 Bxd3 10. Qxd3 e6 11. Bf4 Qa5+ 12. Bd2 Bb4 13. c3 Be7 14. c4 Qa6 15.
Qe2 Ngf6 16. O-O O-O 17. a4 b6 18. Bc3 Qb7 19. Ne5 Rfe8 20. Qf3 Rac8 21. Rfd1
Qc7 22. Ne4 Nxe5 23. dxe5 Nxe4 24. Qxe4 Red8 25. Qe2 Rxd1+ 26. Rxd1 Rd8 27. Rd3
Rxd3 28. Qxd3 c5 29. b3 a5 30. g3 Qc6 31. f3 Qb7 32. Kf2 Qc6 33. Ke3 Bg5+ 34.
f4 Be7 35. Qe4 Qd7 36. Ke2 Qc8 37. g4 Qd8 38. Bd2 Bh4 39. Be3 Be7 40. Qc6 Kh7
41. Qg2 Kg8 42. Qe4 Bh4 43. Qg2 Be7 44. g5 hxg5 45. fxg5 g6 46. hxg6 1/2-1/2

[Event "Druzynowe Mistrzostwa Polski - I Liga 2018"]
[Site "Pokrzywna"]
[Date "1899-12-30"]
[Round "7.12"]
[White "Zemlickova, Olena"]
[Black "Szelag, Zuzanna"]
[Result "1/2-1/2"]
[WhiteTitle "WIM"]
[BlackTitle "k"]
[WhiteElo "2096"]
[BlackElo "2015"]

1. d4 Nf6 2. Nf3 g6 3. Bf4 Bg7 4. e3 O-O 5. Be2 d6 6. h3 c5 7. c3 Qb6 8. Qb3 Be6
9. Qxb6 axb6 10. a3 Nc6 11. Nbd2 Na5 12. O-O Rfc8 13. Ng5 Nb3 14. Rad1 Nxd2 15.
Rxd2 Bb3 16. Bd1 Bc4 17. Be2 Bb3 18. Bd1 Bc4 19. Be2 1/2-1/2

[Event "Druzynowe Mistrzostwa Polski - I Liga 2018"]
[Site "Pokrzywna"]
[Date "1899-12-30"]
[Round "7.13"]
[White "Mroziak, Maciej"]
[Black "Lewtak, Damian"]
[Result "1/2-1/2"]
[WhiteTitle "IM"]
[BlackTitle "m"]
[WhiteElo "2386"]
[BlackElo "2430"]

1. e4 c5 2. c3 Nf6 3. e5 Nd5 4. d4 cxd4 5. Nf3 Nc6 6. Bc4 Nb6 7. Bb3 d6 8. exd6
Qxd6 9. O-O Be6 10. Na3 Bxb3 11. Qxb3 Rc8 12. Nb5 Qd5 13. Nfxd4 Nxd4 14. Nxd4
e6 15. Re1 Bc5 16. Be3 O-O 17. Nc2 Rfd8 18. Bxc5 Rxc5 19. Ne3 Qxb3 20. axb3 a6
21. Red1 Rxd1+ 22. Rxd1 Kf8 23. Rd8+ Ke7 24. Rb8 Rc7 25. Rg8 g6 26. Kf1 Nd7 27.
Ke2 h5 28. h4 Nc5 29. b4 Na4 30. Nd1 Nb6 31. Ne3 1/2-1/2

[Event "Druzynowe Mistrzostwa Polski - I Liga 2018"]
[Site "Pokrzywna"]
[Date "1899-12-30"]
[Round "7.14"]
[White "Reza, Wojciech"]
[Black "Kolago, Marcin"]
[Result "1/2-1/2"]
[WhiteTitle "FM"]
[BlackTitle "m"]
[WhiteElo "2284"]
[BlackElo "2356"]

1. d4 d6 2. e4 Nf6 3. Nc3 Nbd7 4. Nf3 e5 5. Rg1 Be7 6. g4 exd4 7. Qxd4 Nc5 8. g5
Nh5 9. Be3 c6 10. Be2 Ne6 11. Qd2 g6 12. h4 Rg8 13. Nh2 Neg7 14. Ng4 Qa5 15. Rb1
Be6 16. b4 Qd8 17. b5 f5 18. gxf6 Nxf6 19. Nh6 Rf8 20. bxc6 bxc6 21. Qd4 Qa5 22.
Bd2 Qc7 23. Qa4 Nd7 24. Bg5 Bf6 25. Bxf6 Rxf6 26. Qd4 Rb8 27. Kd2 Rb6 28. f4 d5
29. exd5 cxd5 30. Ng4 Qxf4+ 31. Qxf4 Rxf4 32. Nb5 Ke7 33. Rbe1 Ra4 34. Bd3 Nf6
35. Nxf6 Kxf6 36. Rgf1+ Nf5 37. h5 Rxa2 38. hxg6 hxg6 39. Nd4 Bd7 40. Rf2 Ra4
41. Nxf5 gxf5 42. Ref1 f4 43. Rxf4+ Rxf4 44. Rxf4+ Ke5 45. Rf7 Kd6 46. Rf6+ Kc5
47. Rxb6 Kxb6 48. c3 a5 49. Kc2 Bb5 50. Bg6 Kc5 51. Bf7 a4 52. Bxd5 Kxd5 53. c4+
1/2-1/2

[Event "Druzynowe Mistrzostwa Polski - I Liga 2018"]
[Site "Pokrzywna"]
[Date "1899-12-30"]
[Round "7.15"]
[White "Wiewiora, Eneasz"]
[Black "Licznerski, Lukasz"]
[Result "1/2-1/2"]
[WhiteTitle "FM"]
[BlackTitle "FM"]
[WhiteElo "2355"]
[BlackElo "2277"]

1. e4 e5 2. Bc4 Nf6 3. d3 c6 4. Nf3 d5 5. Bb3 dxe4 6. Ng5 Be6 7. Bxe6 fxe6 8. Nxe4
Nxe4 9. dxe4 Qh4 10. Qe2 Nd7 11. Nc3 Bc5 12. g3 Qh3 13. Be3 Bd4 14. O-O-O Bxc3
15. bxc3 Nb6 16. Bc5 Na4 17. Qc4 b5 18. Qb4 a5 19. Qa3 Qg2 20. Rhe1 Kf7 21. Rd7+
Kg6 22. Bf8 Re8 23. Bxg7 Qxf2 24. Red1 Qe3+ 25. R1d2 Qe1+ 26. Rd1 Qe3+ 27. R1d2
Qe1+ 28. Rd1 Qe3+ 29. R1d2 1/2-1/2

[Event "Druzynowe Mistrzostwa Polski - I Liga 2018"]
[Site "Pokrzywna"]
[Date "1899-12-30"]
[Round "7.16"]
[White "Rymaszewski, Dariusz"]
[Black "Jaroch, Karol"]
[Result "0-1"]
[WhiteTitle "k"]
[BlackTitle "m"]
[WhiteElo "2052"]
[BlackElo "2201"]

1. e4 e6 2. d4 d5 3. Nc3 Bb4 4. a3 Bxc3+ 5. bxc3 Ne7 6. e5 c5 7. Nf3 Nbc6 8. Bd3
Qa5 9. O-O Bd7 10. Re1 c4 11. Bf1 O-O 12. h4 f6 13. exf6 Rxf6 14. Bg5 Rf7 15.
Qd2 Raf8 16. Bxe7 Rxe7 17. Ne5 Nxe5 18. Rxe5 Ref7 19. Re2 Rf4 20. g3 Rf3 21. Bg2
Qxc3 22. Qxc3 Rxc3 23. Kh2 b5 24. f4 g6 25. Bh3 Kf7 26. Kg2 a5 27. Kf2 Ke7 28.
Ra2 Rb8 29. Re3 Rxe3 30. Kxe3 b4 31. axb4 axb4 32. Kd2 c3+ 33. Kc1 Bb5 34. Ra7+
Kd6 35. Kb1 b3 36. Ra3 Bc4 37. Bg4 h5 38. Bd1 b2 39. Bf3 Ke7 40. Bd1 Rb6 0-1

[Event "Druzynowe Mistrzostwa Polski - I Liga 2018"]
[Site "Pokrzywna"]
[Date "1899-12-30"]
[Round "7.17"]
[White "Samborski, Henryk"]
[Black "Renkowski, Piotr"]
[Result "1/2-1/2"]
[WhiteTitle "k"]
[BlackTitle "k+"]
[WhiteElo "2101"]
[BlackElo "2199"]

1. e4 e5 2. Nf3 Nc6 3. Bc4 Nf6 4. Ng5 d5 5. exd5 Na5 6. Bb5+ c6 7. dxc6 bxc6 8.
Qf3 Bd7 9. Ba4 h6 10. Ne4 Nxe4 11. Qxe4 Bd6 12. b4 f5 13. Qe2 Qh4 14. a3 O-O 15.
Nc3 Nb7 16. Qa6 Nd8 17. Bb2 Kh8 18. g3 Qd4 19. Qd3 Qxd3 20. cxd3 a5 21. b5 Rb8
22. bxc6 Bxc6 23. Bxc6 Nxc6 24. Na4 Nd4 25. Bxd4 exd4 26. Ke2 Rfe8+ 27. Kd1 Bxa3
28. Re1 Rxe1+ 29. Kxe1 Bd6 30. Rc1 Rb4 31. Rc4 Kg8 32. Kd1 Kf7 33. Kc2 Ke6 34.
Nc5+ Kd5 35. Rxb4 axb4 36. Na4 Kc6 37. Kb3 Kb5 38. Nb2 g5 39. f3 h5 40. Nd1 h4
41. gxh4 gxh4 42. h3 Bf4 43. Nb2 Bxd2 44. Nc4 Bf4 45. Kb2 Kc5 46. Kb3 Bg3 47.
Ka4 Be1 48. Kb3 Kd5 49. Kc2 Ke6 50. Kd1 Bg3 51. Nd2 Bf2 52. Ke2 Be3 53. Nb3 Ke5
54. Kf1 Kf4 55. Kg2 Bg1 56. Kxg1 Ke3 57. Kf1 Kxd3 58. Ke1 Ke3 59. Kd1 d3 60. Nc5
f4 61. Ke1 d2+ 62. Kd1 Kxf3 63. Kxd2 Kg2 64. Nd3 f3 65. Nxb4 Kxh3 66. Ke1 Kg2
67. Nd3 h3 68. Nf2 h2 69. Nh1 Kxh1 70. Kf2 1/2-1/2

[Event "Druzynowe Mistrzostwa Polski - I Liga 2018"]
[Site "Pokrzywna"]
[Date "1899-12-30"]
[Round "7.18"]
[White "Jablonska, Sabina"]
[Black "Worek, Joanna"]
[Result "0-1"]
[WhiteTitle "k"]
[BlackTitle "WGM"]
[WhiteElo "1956"]
[BlackElo "2295"]

1. d4 Nf6 2. Bf4 b6 3. e3 Bb7 4. c3 g6 5. Nf3 Bg7 6. h3 O-O 7. Bd3 d6 8. Qe2 Nbd7
9. e4 e5 10. dxe5 dxe5 11. Bg5 Nc5 12. Bc2 h6 13. Bxf6 Qxf6 14. Nbd2 a5 15. O-O
Ba6 16. c4 h5 17. Rfd1 Ne6 18. a4 Rfd8 19. g3 Bh6 20. Nf1 Bxc4 21. Qxc4 Qxf3 22.
Ra3 Qf6 23. Rad3 Rxd3 24. Rxd3 Rd8 25. Nh2 Rxd3 26. Bxd3 Bf8 27. Qc2 Bc5 28. Kg2
Nd4 29. Qd1 Kg7 30. Nf3 Ne6 31. Qe2 Bd4 32. Bc4 Nc5 33. b3 c6 34. Kh2 Qd6 35.
h4 Nb7 36. Ng5 f6 37. Ne6+ Kh7 38. Qf3 Qe7 39. Kg2 Nd6 40. Qd3 Bb2 41. Qe2 Bc1
42. Qc2 Bh6 43. Qe2 Nxc4 44. Qxc4 Qd6 45. Kf3 g5 46. hxg5 fxg5 47. Kg2 Kg6 48.
f4 gxf4 49. gxf4 Qd2+ 50. Kg1 Qe3+ 51. Kg2 exf4 52. Nd4 Qxe4+ 53. Kf1 Bg7 54.
Qxc6+ Qxc6 0-1

[Event "Druzynowe Mistrzostwa Polski - I Liga 2018"]
[Site "Pokrzywna"]
[Date "1899-12-30"]
[Round "7.20"]
[White "Miroslaw, Michal"]
[Black "Lizak, Jakub"]
[Result "0-1"]
[WhiteTitle "FM"]
[BlackTitle "k"]
[WhiteElo "2280"]
[BlackElo "2168"]

1. c4 e5 2. Nc3 Bb4 3. Nd5 Bc5 4. e3 c6 5. Nc3 d5 6. cxd5 cxd5 7. d4 exd4 8. exd4
Bb6 9. Nf3 Nc6 10. h3 Nge7 11. Bb5 O-O 12. O-O Qd6 13. Ne2 h6 14. Bf4 Qf6 15.
Be5 Nxe5 16. dxe5 Qe6 17. Nf4 Qf5 18. Qd2 Ng6 19. Nxd5 Rd8 20. Ne3 Qf4 21. Qe2
Nxe5 22. Nxe5 Qxe5 23. Bc4 Bc7 24. f4 Qe4 25. Qf3 Re8 26. Rae1 Bb6 27. Kh1 Bxe3
28. Qxe4 Rxe4 29. Bd3 Re7 0-1

[Event "Druzynowe Mistrzostwa Polski - I Liga 2018"]
[Site "Pokrzywna"]
[Date "1899-12-30"]
[Round "7.21"]
[White "Duda, Lukasz"]
[Black "Stoma, Pawel"]
[Result "0-1"]
[WhiteTitle "k++"]
[BlackTitle "m"]
[WhiteElo "2201"]
[BlackElo "2317"]

1. d4 Nf6 2. Bf4 g6 3. e3 Bg7 4. Nf3 O-O 5. Nbd2 d6 6. Bd3 Nbd7 7. O-O Re8 8. c3
e5 9. Bg5 h6 10. Bxf6 Nxf6 11. Qc2 Qe7 12. e4 c6 13. a4 a5 14. Rfe1 Nh5 15. g3
Bg4 16. dxe5 dxe5 17. Be2 Nf6 18. Rad1 Qc7 19. Nc4 Bf8 20. Ne3 Bc5 21. Nxg4 Nxg4
22. Rf1 Qb6 23. Bc4 Rad8 24. Rxd8 Rxd8 25. h3 Nxf2 26. Rxf2 Bxf2+ 27. Qxf2 Rd1+
28. Kg2 Qxf2+ 29. Kxf2 Rb1 30. Nxe5 Rxb2+ 31. Ke3 b5 32. Bxf7+ Kg7 33. axb5 Rxb5
34. Nxc6 Kxf7 35. Kd3 a4 36. Kc2 h5 37. h4 Kf6 38. Nb4 Ke5 39. Kb2 Kxe4 40. Ka3
Ra5 41. c4 Kf3 42. Nc6 Rc5 43. Nd4+ Ke4 0-1

[Event "Druzynowe Mistrzostwa Polski - I Liga 2018"]
[Site "Pokrzywna"]
[Date "1899-12-30"]
[Round "7.22"]
[White "Panas, Pawel"]
[Black "Gola, Karol"]
[Result "0-1"]
[WhiteTitle "k"]
[BlackTitle "k"]
[WhiteElo "2181"]
[BlackElo "2214"]

1. c4 e6 2. Nf3 d5 3. e3 Nf6 4. b3 Bd6 5. Bb2 Nbd7 6. Nc3 c6 7. Qc2 O-O 8. d4 b6
9. Bd3 Bb7 10. O-O Qc7 11. h3 Rfe8 12. Rfe1 h6 13. Rac1 a6 14. a4 dxc4 15. Bxc4
e5 16. Nh4 c5 17. Nf5 exd4 18. exd4 cxd4 19. Nxd4 Ne5 20. Bf1 Bc5 21. Nce2 Be4
22. Qc3 Nd3 23. b4 Nd5 24. Qd2 N5xb4 25. Ng3 Nxe1 26. Qxe1 Qb7 27. Qd1 Rad8 28.
Qb3 Bxd4 29. Qxb4 Bxb2 30. Qxb2 Bg6 31. h4 h5 32. Bc4 Rc8 33. Ba2 Rxc1+ 34. Qxc1
Qe7 35. Qf4 Qe5 36. Qc4 b5 37. Qc6 Kh7 38. a5 Rd8 39. Bb3 Qe1+ 40. Kh2 Qxf2 41.
Qxa6 Rd3 0-1